| 000 | 01058cam a2200229 a 4500 | ||
|---|---|---|---|
| 020 | _a0872628442 (pbk.) | ||
| 082 | 0 | 0 |
_a624.1762 _bAME _cL-39, P-188 |
| 110 | 2 |
_aAmerican Society of Civil Engineers. _9702 |
|
| 245 | 1 | 0 |
_aGuide to post-earthquake investigation of lifelines / _cby the Earthquake Investigations Committee of the Technical Council on Lifeline Earthquake Engineering of the American Society of Civil Engineers ; edited by Anshel J. Schiff. |
| 260 |
_aNew York, N.Y. : _bAmerican Society of Civil Engineers, _cc1991. |
||
| 300 |
_a267 p. : _bill. ; _c22 cm. |
||
| 490 | 1 | _aTechnical Council on Lifeline Earthquake Engineering monograph ; | |
| 500 | _a"August, 1991." | ||
| 526 |
_a0 _b0 _c0 _d624_176200000000000_AME |
||
| 650 | 0 |
_aLifeline earthquake engineering. _946693 |
|
| 650 | 0 |
_aMCE _9379 |
|
| 650 | 0 |
_aPublic utilities _xEarthquake effects.. _946694 |
|
| 650 | 0 |
_aTransportation _xEarthquake effects. _946695 |
|
| 650 | 0 |
_aUnderground utility lines _xEarthquake effects. _946696 |
|
| 700 | 1 |
_aSchiff, Anshel J. _946697 |
|
| 942 |
_2ddc _cBK |
||
| 999 |
_c549961 _d549961 |
||